Score 0/22 Timer 05:00
0 Plays Today
% Correct
Finding Emo
94.2%
SpongeBob SquarePans
90.9%
Lice in Wonderland
89.6%
Pus in Boots
89.1%
Dumb
88%
Lady and the Trap
88%
A Bug's Lie
85%
Yogi Bar
84%
Garfield and Fiends
83.5%
Beauty and the East
82.2%
Who Framed Roger Rabbi?
80.5%
% Correct
The Magi School Bus
80%
Tee Titans
79.4%
Corpse Brie
79.3%
Darkwig Duck
76.1%
Rave
75.2%
Miser Magoo
74.4%
Pinky and the Bran
74.2%
The Tic
74%
Rock's Modern Life
69%
He-Ma
64.3%
Mighty Muse
58.6%
Remove Ads.
Support Sporcle.
Get the best of Sporcle when you Go Orange. This ad-free experience offers more features, more stats, and more fun while also helping to support Sporcle. Thank you for becoming a member.

You're not logged in!

Compare scores with friends on all Sporcle quizzes.
OR
Log In

Show Comments

Extras

Top Quizzes Today


Score Distribution

Your Account Isn't Verified!

In order to create a playlist on Sporcle, you need to verify the email address you used during registration. Go to your Sporcle Settings to finish the process.

Report this User

Report this user for behavior that violates our Community Guidelines.

Details: